| 000 | 01341nam a22003857a 4500 | ||
|---|---|---|---|
| 003 | CHAP | ||
| 005 | 20220817044157.0 | ||
| 008 | 070830d1999 mx r 00110 spa d | ||
| 010 | _a93950 | ||
| 011 | _a94922 | ||
| 035 | _a105522 | ||
| 040 | _cCHAP | ||
| 090 | _aFolleto 17301 | ||
| 110 | 2 | _aUACH. Departamento de Fitotecnia | |
| 245 | 1 | 0 |
_a3er. Encuentro sobre el conocimiento de las Dalias en México _c/por UACH. Departamento de Fitotecnia |
| 260 |
_aChapingo, Méx. : _bUACH. Departamento de Fitotecnia, _c1999 |
||
| 300 | _a16 p. | ||
| 590 |
_aBATCH-UPD _b10 _c20130110 _lUCH01 _h0228 |
||
| 590 |
_aBATCH-UPD _b10 _c20130110 _lUCH01 _h1128 |
||
| 590 |
_aBATCH-UPD _b10 _c20130409 _lUCH01 _h2251 |
||
| 590 |
_aBATCH-UPD _b10 _c20130410 _lUCH01 _h1303 |
||
| 590 |
_aBATCH-UPD _b10 _c20130914 _lUCH01 _h1011 |
||
| 590 |
_aCONVERSION _b10 _c20130109 _lUCH01 _h1352 |
||
| 650 | 1 | 4 |
_aColor de las plantas. _925454 |
| 650 | 1 | 4 |
_aDalia. _930944 |
| 650 | 1 | 4 |
_aDalia _xPropagación. _930950 |
| 650 | 1 | 4 |
_aFlores _xGenética. _941380 |
| 650 | 1 | 4 |
_aFlores _xMéxico. _941390 |
| 650 | 1 | 4 | _aPlantas ornamentales. |
| 901 | _aBK | ||
| 905 | _aMarco a. Mendoza T. | ||
| 942 | _cFOLL | ||
| 949 |
_aFolleto 17301 _bBC _cFOLL _d33724002036439 _eTS2 _fc.2 _gDonaciØn _i105522 _sb |
||
| 949 |
_aFolleto 17301 _bBC _cUACH _d33724002036421 _eUACH _gDonaciØn _i105522 _sb |
||
| 999 |
_c93950 _d93950 |
||